[Event "OPEN DE MENTON 2023"]
[Site "Palais de l'europe Menton, France"]
[Date "2023.10.24"]
[Round "3.2"]
[White "Marlies, BENSDORP-DE LABACA 2212"]
[Black "Come, BOUTON 1956"]
[Result "1-0"]
[TimeControl "90'+30\"/ 40m + 30' +30\""]
[WhiteTitle "WIM"]
[WhiteElo "2212"]
[BlackElo "1956"]

1. d4 {[%clk 01:30:57]} {[%emt 00:00:02]} Nf6 {[%clk 01:30:41]} {[%emt
00:00:19]} 2. c4 {[%clk 01:31:23]} {[%emt 00:00:05]} e6 {[%clk 01:31:01]}
{[%emt 00:00:10]} 3. Nf3 {[%clk 01:31:48]} {[%emt 00:00:04]} b6 {[%clk
01:31:05]} {[%emt 00:00:27]} 4. g3 {[%clk 01:32:13]} {[%emt 00:00:05]} Bb7
{[%clk 01:31:21]} {[%emt 00:00:14]} 5. Bg2 {[%clk 01:32:31]} {[%emt 00:00:12]}
Be7 {[%clk 01:31:34]} {[%emt 00:00:17]} 6. O-O {[%clk 01:32:53]} {[%emt
00:00:08]} O-O {[%clk 01:31:57]} {[%emt 00:00:07]} 7. Nc3 {[%clk 01:31:18]}
{[%emt 00:02:06]} Ne4 {[%clk 01:30:51]} {[%emt 00:01:36]} 8. Qc2 {[%clk
01:29:49]} {[%emt 00:01:59]} Nxc3 {[%clk 01:30:03]} {[%emt 00:01:17]} 9. Qxc3
{[%clk 01:30:13]} {[%emt 00:00:07]} c5 {[%clk 01:28:16]} {[%emt 00:02:18]} 10.
Rd1 {[%clk 01:25:48]} {[%emt 00:04:54]} cxd4 {[%clk 01:25:44]} {[%emt
00:03:02]} 11. Nxd4 {[%clk 01:25:17]} {[%emt 00:01:01]} Bxg2 {[%clk 01:20:14]}
{[%emt 00:06:00]} 12. Kxg2 {[%clk 01:25:44]} {[%emt 00:00:03]} Qc8 {[%clk
01:19:32]} {[%emt 00:01:12]} 13. Be3 {[%clk 00:59:39]} {[%emt 00:26:36]} Qb7+
{[%clk 01:18:21]} {[%emt 00:01:38]} 14. Nf3 {[%clk 00:58:32]} {[%emt 00:01:40]}
Na6 {[%clk 01:13:12]} {[%emt 00:05:39]} 15. Bd4 {[%clk 00:53:23]} {[%emt
00:05:39]} f6 {[%clk 01:12:35]} {[%emt 00:01:07]} 16. Rac1 {[%clk 00:48:07]}
{[%emt 00:05:47]} Rac8 {[%clk 01:09:39]} {[%emt 00:03:25]} 17. Qd2 {[%clk
00:39:16]} {[%emt 00:09:21]} Rc7 {[%clk 01:05:12]} {[%emt 00:04:57]} 18. b3
{[%clk 00:38:30]} {[%emt 00:01:16]} Rfc8 {[%clk 00:59:59]} {[%emt 00:05:43]} 19.
Bb2 {[%clk 00:38:26]} {[%emt 00:00:35]} Nc5 {[%clk 00:46:50]} {[%emt 00:13:39]}
20. Kg1 {[%clk 00:35:54]} {[%emt 00:03:02]} Ne4 {[%clk 00:38:48]} {[%emt
00:08:32]} 21. Qd3 {[%clk 00:34:34]} {[%emt 00:01:50]} Bc5 {[%clk 00:31:30]}
{[%emt 00:07:48]} 22. Bd4 {[%clk 00:32:18]} {[%emt 00:02:46]} Ba3 {[%clk
00:31:22]} {[%emt 00:00:38]} 23. Rb1 {[%clk 00:32:27]} {[%emt 00:00:19]} Be7
{[%clk 00:19:27]} {[%emt 00:12:27]} 24. Nd2 {[%clk 00:26:05]} {[%emt 00:06:52]}
Ng5 {[%clk 00:18:24]} {[%emt 00:01:34]} 25. f3 {[%clk 00:25:44]} {[%emt
00:00:51]} a6 {[%clk 00:15:30]} {[%emt 00:03:25]} 26. e4 {[%clk 00:25:48]}
{[%emt 00:00:25]} b5 {[%clk 00:14:15]} {[%emt 00:01:45]} 27. f4 {[%clk
00:24:57]} {[%emt 00:01:21]} Nf7 {[%clk 00:13:45]} {[%emt 00:01:00]} 28. Be3
{[%clk 00:21:59]} {[%emt 00:03:28]} Bb4 {[%clk 00:12:24]} {[%emt 00:01:50]} 29.
Bd4 {[%clk 00:05:54]} {[%emt 00:16:36]} Qc6 {[%clk 00:04:03]} {[%emt 00:08:51]}
30. cxb5 {[%clk 00:02:46]} {[%emt 00:03:38]} axb5 {[%clk 00:04:25]} {[%emt
00:00:08]} 31. Nf1 {[%clk 00:03:01]} {[%emt 00:00:15]} Nd6 {[%clk 00:03:54]}
{[%emt 00:01:01]} 32. e5 {[%clk 00:03:00]} {[%emt 00:00:31]} Nf5 {[%clk
00:03:54]} {[%emt 00:00:29]} 33. Bf2 {[%clk 00:03:06]} {[%emt 00:00:23]} fxe5
{[%clk 00:03:05]} {[%emt 00:01:20]} 34. fxe5 {[%clk 00:03:32]} {[%emt
00:00:04]} Bc5 {[%clk 00:03:04]} {[%emt 00:00:30]} 35. Rb2 {[%clk 00:03:11]}
{[%emt 00:00:51]} Qb6 {[%clk 00:02:42]} {[%emt 00:00:53]} 36. b4 {[%clk
00:01:59]} {[%emt 00:01:43]} Bxf2+ {[%clk 00:02:56]} {[%emt 00:00:15]} 37. Rxf2
{[%clk 00:02:26]} {[%emt 00:00:03]} Rf8 {[%clk 00:02:02]} {[%emt 00:01:24]} 38.
Rdd2 {[%clk 00:02:36]} {[%emt 00:00:20]} Rf7 {[%clk 00:01:37]} {[%emt
00:00:54]} 39. Kg2 {[%clk 00:02:04]} {[%emt 00:01:02]} Rc4 {[%clk 00:01:21]}
{[%emt 00:00:46]} 40. Rc2 {[%clk 00:31:00]} {[%emt 00:01:34]} Qc6+ {[%clk
00:31:15]} {[%emt 00:00:36]} 41. Kg1 {[%clk 00:31:16]} {[%emt 00:00:13]} Qb6
{[%clk 00:21:31]} {[%emt 00:10:16]} 42. Rxc4 {[%clk 00:29:16]} {[%emt
00:02:30]} bxc4 {[%clk 00:17:16]} {[%emt 00:04:45]} 43. Qxc4 {[%clk 00:29:24]}
{[%emt 00:00:21]} Nd6 {[%clk 00:13:28]} {[%emt 00:04:17]} 44. Qc5 {[%clk
00:29:51]} {[%emt 00:00:03]} Qxc5 {[%clk 00:13:02]} {[%emt 00:00:57]} 45. bxc5
{[%clk 00:30:16]} {[%emt 00:00:05]} Ne4 {[%clk 00:11:37]} {[%emt 00:01:55]} 46.
Rxf7 {[%clk 00:28:53]} {[%emt 00:01:54]} Kxf7 {[%clk 00:11:57]} {[%emt
00:00:10]} 47. Ne3 {[%clk 00:28:46]} {[%emt 00:00:36]} Nxc5 {[%clk 00:10:39]}
{[%emt 00:01:48]} 48. Nc4 {[%clk 00:27:36]} {[%emt 00:01:40]} Ke7 {[%clk
00:09:30]} {[%emt 00:01:39]} 49. Kf2 {[%clk 00:27:38]} {[%emt 00:00:28]} Kd8
{[%clk 00:09:44]} {[%emt 00:00:17]} 50. Ke3 {[%clk 00:27:54]} {[%emt 00:00:12]}
Kc7 {[%clk 00:09:48]} {[%emt 00:00:27]} 51. Kd4 {[%clk 00:28:18]} {[%emt
00:00:06]} Nb7 {[%clk 00:06:44]} {[%emt 00:03:33]} 52. h4 {[%clk 00:26:02]}
{[%emt 00:02:47]} Kc6 {[%clk 00:06:42]} {[%emt 00:00:33]} 53. g4 {[%clk
00:23:46]} {[%emt 00:02:46]} Kb5 {[%clk 00:06:25]} {[%emt 00:00:46]} 54. g5
{[%clk 00:23:33]} {[%emt 00:00:43]} Kb4 {[%clk 00:05:43]} {[%emt 00:01:11]} 55.
h5 {[%clk 00:22:29]} {[%emt 00:01:34]} Nd8 {[%clk 00:04:42]} {[%emt 00:01:32]}
56. Nd6 {[%clk 00:19:53]} {[%emt 00:03:06]} Ka3 {[%clk 00:03:27]} {[%emt
00:01:45]} 57. Ke4 {[%clk 00:18:42]} {[%emt 00:01:40]} Kxa2 {[%clk 00:02:22]}
{[%emt 00:01:36]} 58. Ne8 {[%clk 00:18:38]} {[%emt 00:00:34]} Nf7 {[%clk
00:01:39]} {[%emt 00:01:13]} 59. Kf4 {[%clk 00:18:59]} {[%emt 00:00:08]} Kb3
{[%clk 00:01:31]} {[%emt 00:00:38]} 60. Nxg7 {[%clk 00:19:23]} {[%emt
00:00:06]} Kc4 {[%clk 00:01:26]} {[%emt 00:00:36]} 61. Ne8 {[%clk 00:19:36]}
{[%emt 00:00:16]} Kd4 {[%clk 00:00:58]} {[%emt 00:00:58]} 62. Nf6 {[%clk
00:16:58]} {[%emt 00:03:08]} Nxe5 {[%clk 00:01:17]} {[%emt 00:00:11]} 63. Nxh7
{[%clk 00:17:22]} {[%emt 00:00:06]} Nd3 {[%clk 00:01:29]} {[%emt 00:00:18]} 64.
Kg4 {[%clk 00:17:35]} {[%emt 00:00:15]} Ne5 {[%clk 00:01:30]} {[%emt 00:00:31]}
65. Kg3 {[%clk 00:16:51]} {[%emt 00:01:14]} Ke4 {[%clk 00:01:28]} {[%emt
00:00:32]} 66. g6 {[%clk 00:17:03]} {[%emt 00:00:19]} Nc6 {[%clk 00:01:45]}
{[%emt 00:00:13]} 67. Kg4 {[%clk 00:16:21]} {[%emt 00:01:11]} Ne7 {[%clk
00:01:10]} {[%emt 00:01:06]} 68. Nf6+ {[%clk 00:16:36]} {[%emt 00:00:15]} Ke5
{[%clk 00:00:47]} {[%emt 00:00:53]} 69. Nxd7+ {[%clk 00:17:02]} {[%emt
00:00:04]} Kd6 {[%clk 00:01:10]} {[%emt 00:00:07]} 70. Nf6 {[%clk 00:17:13]}
{[%emt 00:00:19]} Nf5 {[%clk 00:01:06]} {[%emt 00:00:33]} 71. Ng8 {[%clk
00:16:08]} {[%emt 00:01:35]} Kd7 {[%clk 00:01:02]} {[%emt 00:00:34]} 72. h6
{[%clk 00:16:23]} {[%emt 00:00:16]} Nxh6+ {[%clk 00:00:42]} {[%emt 00:00:49]}
73. Nxh6 {[%clk 00:16:49]} {[%emt 00:00:04]} Ke7 {[%clk 00:01:02]} {[%emt
00:00:10]} 74. Kg5 {[%clk 00:17:15]} {[%emt 00:00:03]} 1-0

[Event "OPEN DE MENTON 2023"]
[Site "Palais de l'europe Menton, France"]
[Date "2023.10.24"]
[Round "3.3"]
[White "Shir, SHATIL 2152"]
[Black "Axel, PINTO 1928"]
[Result "1-0"]
[TimeControl "90'+30\"/ 40m + 30' +30\""]
[WhiteElo "2152"]
[BlackElo "1928"]

1. d4 {[%clk 01:30:57]} {[%emt 00:00:02]} Nf6 {[%clk 01:30:31]} {[%emt
00:00:19]} 2. c4 {[%clk 01:31:24]} {[%emt 00:00:13]} g6 {[%clk 01:30:54]}
{[%emt 00:00:07]} 3. h4 {[%clk 01:31:51]} {[%emt 00:00:04]} d6 {[%clk
01:31:19]} {[%emt 00:00:05]} 4. Nc3 {[%clk 01:32:16]} {[%emt 00:00:04]} Bg7
{[%clk 01:31:34]} {[%emt 00:00:14]} 5. e4 {[%clk 01:32:40]} {[%emt 00:00:07]}
O-O {[%clk 01:31:38]} {[%emt 00:00:27]} 6. Be2 {[%clk 01:33:06]} {[%emt
00:00:04]} h5 {[%clk 01:25:24]} {[%emt 00:06:44]} 7. Nh3 {[%clk 01:30:38]}
{[%emt 00:02:57]} e5 {[%clk 01:20:14]} {[%emt 00:05:41]} 8. d5 {[%clk
01:30:50]} {[%emt 00:00:18]} Na6 {[%clk 01:19:27]} {[%emt 00:01:17]} 9. Bg5
{[%clk 01:30:36]} {[%emt 00:00:44]} Qe8 {[%clk 01:15:59]} {[%emt 00:03:59]} 10.
f3 {[%clk 01:22:25]} {[%emt 00:08:40]} Nh7 {[%clk 01:08:20]} {[%emt 00:08:09]}
11. Be3 {[%clk 01:12:46]} {[%emt 00:10:10]} f5 {[%clk 00:52:55]} {[%emt
00:15:55]} 12. Qd2 {[%clk 01:00:47]} {[%emt 00:12:29]} Nf6 {[%clk 00:46:05]}
{[%emt 00:07:19]} 13. Ng5 {[%clk 00:57:17]} {[%emt 00:04:00]} Bd7 {[%clk
00:43:55]} {[%emt 00:02:41]} 14. Rb1 {[%clk 00:54:16]} {[%emt 00:03:31]} b6
{[%clk 00:40:13]} {[%emt 00:04:12]} 15. b4 {[%clk 00:48:37]} {[%emt 00:06:09]}
Bc8 {[%clk 00:37:04]} {[%emt 00:03:39]} 16. Bd3 {[%clk 00:44:39]} {[%emt
00:04:27]} Qe7 {[%clk 00:34:20]} {[%emt 00:03:14]} 17. Qe2 {[%clk 00:41:40]}
{[%emt 00:03:30]} Nb8 {[%clk 00:32:50]} {[%emt 00:02:01]} 18. Kd2 {[%clk
00:37:47]} {[%emt 00:04:23]} Nh7 {[%clk 00:31:07]} {[%emt 00:02:13]} 19. exf5
{[%emt 00:12:21]} gxf5 {[%clk 00:29:48]} 20. g4 {[%clk 00:26:55]} {[%emt
00:01:20]} e4 {[%clk 00:19:54]} {[%emt 00:10:24]} 21. fxe4 {[%clk 00:20:23]}
{[%emt 00:07:01]} Qe5 {[%clk 00:19:33]} {[%emt 00:00:52]} 22. Nb5 {[%clk
00:18:23]} {[%emt 00:02:30]} Nxg5 {[%clk 00:15:08]} {[%emt 00:04:54]} 23. Bxg5
{[%clk 00:17:20]} {[%emt 00:01:33]} fxe4 {[%clk 00:13:08]} {[%emt 00:02:30]} 24.
Qxe4 {[%clk 00:16:26]} {[%emt 00:01:25]} Rf2+ {[%clk 00:09:43]} {[%emt
00:03:55]} 25. Kc1 {[%clk 00:16:41]} {[%emt 00:00:14]} Qxe4 {[%clk 00:08:20]}
{[%emt 00:01:53]} 26. Bxe4 {[%clk 00:17:03]} {[%emt 00:00:08]} Na6 {[%clk
00:07:46]} {[%emt 00:01:04]} 27. gxh5 {[%clk 00:14:28]} {[%emt 00:03:05]} Bd7
{[%clk 00:07:19]} {[%emt 00:00:58]} 28. h6 {[%clk 00:14:30]} {[%emt 00:00:27]}
Be5 {[%clk 00:07:30]} {[%emt 00:00:19]} 29. a3 {[%clk 00:11:01]} {[%emt
00:04:00]} Raf8 {[%clk 00:06:51]} {[%emt 00:01:09]} 30. Rg1 {[%clk 00:08:46]}
{[%emt 00:02:45]} Kh8 {[%clk 00:07:07]} {[%emt 00:00:14]} 31. Rb3 {[%clk
00:05:58]} {[%emt 00:03:17]} Ra2 {[%clk 00:05:28]} {[%emt 00:02:09]} 32. h7
{[%clk 00:03:51]} {[%emt 00:02:37]} Bg7 {[%clk 00:04:14]} {[%emt 00:01:43]} 33.
h5 {[%clk 00:03:05]} {[%emt 00:01:16]} Rff2 {[%clk 00:03:46]} {[%emt 00:00:59]}
34. h6 {[%clk 00:02:39]} {[%emt 00:00:55]} Ra1+ {[%clk 00:02:15]} {[%emt
00:02:01]} 35. Rb1 {[%clk 00:01:36]} {[%emt 00:01:33]} Bb2+ {[%clk 00:02:02]}
{[%emt 00:00:42]} 36. Kd1 {[%clk 00:02:02]} {[%emt 00:00:04]} Rxb1+ {[%clk
00:01:39]} {[%emt 00:00:54]} 37. Bxb1 {[%clk 00:02:31]} {[%emt 00:00:01]} Bf5
{[%clk 00:01:43]} {[%emt 00:00:25]} 38. Be3 {[%clk 00:01:19]} {[%emt 00:01:43]}
Rf3 {[%clk 00:00:50]} {[%emt 00:01:24]} 39. Bd4+ {[%clk 00:01:20]} {[%emt
00:00:29]} Bxd4 {[%clk 00:01:04]} {[%emt 00:00:15]} 40. Nxd4 {[%clk 00:31:42]}
{[%emt 00:00:08]} Bxb1 {[%clk 00:30:37]} {[%emt 00:00:58]} 1-0

[Event "OPEN DE MENTON 2023"]
[Site "Palais de l'europe Menton, France"]
[Date "2023.10.24"]
[Round "4.1"]
[White "Michael, DOUGHERTY 2065"]
[Black "Marlies, BENSDORP-DE LABACA 2212"]
[Result "0-1"]
[TimeControl "90'+30\"/ 40m + 30' +30\""]
[WhiteTitle "FM"]
[BlackTitle "WIM"]
[WhiteElo "2065"]
[BlackElo "2212"]

1. d4 {[%clk 01:30:18]} {[%emt 00:00:41]} d5 {[%clk 01:30:54]} {[%emt
00:00:07]} 2. Nf3 {[%clk 01:30:09]} {[%emt 00:00:38]} e6 {[%clk 01:31:19]}
{[%emt 00:00:06]} 3. c4 {[%clk 01:29:27]} {[%emt 00:01:11]} c6 {[%clk
01:31:45]} {[%emt 00:00:04]} 4. e3 {[%clk 01:29:18]} {[%emt 00:00:39]} f5
{[%clk 01:32:10]} {[%emt 00:00:05]} 5. g4 {[%clk 01:26:09]} {[%emt 00:03:39]}
fxg4 {[%clk 01:24:46]} {[%emt 00:07:55]} 6. Ne5 {[%clk 01:26:20]} {[%emt
00:00:18]} Nd7 {[%clk 01:23:32]} {[%emt 00:01:45]} 7. Qxg4 {[%clk 01:22:47]}
{[%emt 00:04:02]} Nxe5 {[%clk 01:22:48]} {[%emt 00:01:15]} 8. dxe5 {[%clk
01:23:07]} {[%emt 00:00:09]} Nh6 {[%clk 01:22:53]} {[%emt 00:00:26]} 9. Qh3
{[%clk 01:07:41]} {[%emt 00:15:56]} Nf7 {[%clk 01:17:11]} {[%emt 00:06:12]} 10.
f4 {[%clk 01:05:32]} {[%emt 00:02:38]} Be7 {[%clk 01:16:48]} {[%emt 00:00:55]}
11. Bd3 {[%clk 01:03:35]} {[%emt 00:02:25]} g6 {[%clk 01:07:22]} {[%emt
00:09:56]} 12. Nc3 {[%clk 01:00:40]} {[%emt 00:03:25]} a6 {[%clk 01:02:01]}
{[%emt 00:05:52]} 13. O-O {[%clk 00:53:21]} {[%emt 00:07:47]} b5 {[%clk
01:00:23]} {[%emt 00:02:10]} 14. cxd5 {[%clk 00:44:28]} {[%emt 00:09:23]} cxd5
{[%clk 01:00:38]} {[%emt 00:00:15]} 15. Ne2 {[%clk 00:44:20]} {[%emt 00:00:37]}
Qb6 {[%clk 01:00:32]} {[%emt 00:00:36]} 16. Bd2 {[%clk 00:42:38]} {[%emt
00:02:13]} Bd7 {[%clk 00:59:36]} {[%emt 00:01:27]} 17. Rac1 {[%clk 00:35:36]}
{[%emt 00:07:32]} Rc8 {[%clk 00:58:00]} {[%emt 00:02:06]} 18. Rxc8+ {[%clk
00:32:31]} {[%emt 00:03:34]} Bxc8 {[%clk 00:58:27]} {[%emt 00:00:03]} 19. Rc1
{[%clk 00:31:58]} {[%emt 00:01:03]} Bd7 {[%clk 00:57:47]} {[%emt 00:01:11]} 20.
b4 {[%clk 00:32:07]} {[%emt 00:00:20]} O-O {[%clk 00:49:03]} {[%emt 00:09:14]}
21. Nd4 {[%clk 00:28:30]} {[%emt 00:04:06]} Rc8 {[%clk 00:47:12]} {[%emt
00:02:22]} 22. Qf1 {[%clk 00:27:22]} {[%emt 00:01:37]} Rc7 {[%clk 00:44:20]}
{[%emt 00:03:22]} 23. a3 {[%clk 00:25:56]} {[%emt 00:01:56]} Nd8 {[%clk
00:41:33]} {[%emt 00:03:17]} 24. Rxc7 {[%clk 00:22:56]} {[%emt 00:03:30]} Qxc7
{[%clk 00:41:59]} {[%emt 00:00:05]} 25. Qb1 {[%clk 00:23:14]} {[%emt 00:00:11]}
Kg7 {[%clk 00:41:45]} {[%emt 00:00:45]} 26. Qc2 {[%clk 00:21:30]} {[%emt
00:02:13]} Qb6 {[%clk 00:38:08]} {[%emt 00:04:07]} 27. Kf2 {[%clk 00:20:18]}
{[%emt 00:01:41]} Kf7 {[%clk 00:38:01]} {[%emt 00:00:38]} 28. Bc3 {[%clk
00:18:47]} {[%emt 00:02:01]} Nb7 {[%clk 00:37:38]} {[%emt 00:00:52]} 29. Nb3
{[%clk 00:17:57]} {[%emt 00:01:20]} Qd8 {[%clk 00:38:03]} {[%emt 00:00:05]} 30.
Bd4 {[%clk 00:17:57]} {[%emt 00:00:30]} a5 {[%clk 00:35:22]} {[%emt 00:03:12]}
31. Qc3 {[%clk 00:11:22]} {[%emt 00:07:04]} axb4 {[%clk 00:35:40]} {[%emt
00:00:13]} 32. axb4 {[%clk 00:11:45]} {[%emt 00:00:07]} Qa8 {[%clk 00:31:07]}
{[%emt 00:05:04]} 33. Nc5 {[%clk 00:08:16]} {[%emt 00:03:57]} Nxc5 {[%clk
00:27:11]} {[%emt 00:04:28]} 34. bxc5 {[%clk 00:06:37]} {[%emt 00:02:08]} Bc6
{[%clk 00:27:11]} {[%emt 00:00:31]} 35. Qb2 {[%clk 00:06:18]} {[%emt 00:00:50]}
Qa4 {[%clk 00:26:27]} {[%emt 00:01:13]} 36. Bc2 {[%clk 00:03:35]} {[%emt
00:03:13]} Qa5 {[%clk 00:26:46]} {[%emt 00:00:11]} 37. Bb3 {[%clk 00:02:57]}
{[%emt 00:01:08]} b4 {[%clk 00:23:53]} {[%emt 00:03:24]} 38. Qc2 {[%clk
00:02:59]} {[%emt 00:00:28]} Qa6 {[%clk 00:22:37]} {[%emt 00:01:46]} 39. Kg2
{[%clk 00:01:07]} {[%emt 00:02:21]} Bb5 {[%clk 00:22:04]} {[%emt 00:01:04]} 40.
Kg1 {[%clk 00:30:40]} {[%emt 00:00:57]} Ke8 {[%clk 00:48:45]} {[%emt 00:03:49]}
41. h3 {[%clk 00:26:40]} {[%emt 00:04:30]} Kd7 {[%clk 00:46:35]} {[%emt
00:02:41]} 42. e4 {[%clk 00:24:15]} {[%emt 00:02:54]} dxe4 {[%clk 00:42:58]}
{[%emt 00:04:08]} 43. Qd2 {[%clk 00:22:14]} {[%emt 00:02:31]} Bc6 {[%clk
00:31:17]} {[%emt 00:12:11]} 44. Qxb4 {[%clk 00:15:49]} {[%emt 00:06:54]} Qd3
{[%clk 00:31:17]} {[%emt 00:00:31]} 45. Qc3 {[%clk 00:11:51]} {[%emt 00:04:29]}
Qxc3 {[%clk 00:31:26]} {[%emt 00:00:21]} 46. Bxc3 {[%clk 00:12:14]} {[%emt
00:00:06]} Bxc5+ {[%clk 00:31:54]} {[%emt 00:00:02]} 47. Kg2 {[%clk 00:12:15]}
{[%emt 00:00:28]} Bd5 {[%clk 00:23:55]} {[%emt 00:08:30]} 48. Ba4+ {[%clk
00:12:28]} {[%emt 00:00:17]} Ke7 {[%clk 00:24:08]} {[%emt 00:00:16]} 49. Bc2
{[%clk 00:11:58]} {[%emt 00:01:00]} Kf7 {[%clk 00:21:32]} {[%emt 00:03:07]} 50.
Be1 {[%clk 00:11:29]} {[%emt 00:00:59]} Be3 {[%clk 00:20:40]} {[%emt 00:01:22]}
51. Kg3 {[%clk 00:11:21]} {[%emt 00:00:38]} Bc1 {[%clk 00:19:24]} {[%emt
00:01:47]} 52. Bc3 {[%emt 00:01:45]} g5 {[%clk 00:16:51]} {[%emt 00:01:26]} 53.
fxg5 {[%clk 00:11:30]} {[%emt 00:00:42]} Bxg5 {[%clk 00:17:17]} {[%emt
00:00:05]} 54. h4 {[%clk 00:10:57]} {[%emt 00:01:03]} Bc1 {[%clk 00:17:37]}
{[%emt 00:00:10]} 55. Kg4 {[%clk 00:10:51]} {[%emt 00:00:36]} Kg6 {[%clk
00:17:42]} {[%emt 00:00:24]} 56. h5+ {[%clk 00:10:59]} {[%emt 00:00:23]} Kg7
{[%clk 00:17:42]} {[%emt 00:00:30]} 57. Bb4 {[%clk 00:10:35]} {[%emt 00:00:54]}
Bh6 {[%clk 00:16:20]} {[%emt 00:01:52]} 58. Be7 {[%clk 00:10:18]} {[%emt
00:00:46]} Bd2 {[%clk 00:14:39]} {[%emt 00:02:12]} 59. Bg5 {[%clk 00:09:15]}
{[%emt 00:01:32]} Bxg5 {[%clk 00:14:38]} {[%emt 00:00:33]} 60. Kxg5 {[%clk
00:08:57]} {[%emt 00:00:47]} e3 {[%clk 00:15:06]} {[%emt 00:00:02]} 61. h6+
{[%clk 00:08:59]} {[%emt 00:00:27]} Kf7 {[%clk 00:14:27]} {[%emt 00:01:10]} 62.
Bd1 {[%clk 00:08:29]} {[%emt 00:00:59]} Bc4 {[%clk 00:14:42]} {[%emt 00:00:16]}
63. Bh5+ {[%clk 00:08:52]} {[%emt 00:00:05]} Ke7 {[%emt 00:00:34]} 0-1